MARC

LEADER 00000nam0a2200000 4500
001 285590
005 20231031234101.0
020 |a RU  |b 85-44148 
035 |a (RuTPU)RU\TPU\book\309833 
090 |a 285590 
100 |a 20150226d1985 k y0rusy5003 ca 
101 0 |a rus 
102 |a RU 
105 |a a z 001zy 
200 1 |a Промышленное применение токов высокой частоты  |e сборник научных трудов  |f Всесоюзный научно-исследовательский, проектно-конструкторский и технологический институт электротермического оборудования (ВНИИЭТО) ; под ред. А. Н. Шамова 
210 |a Москва  |c Энергоатомиздат  |d 1985 
215 |a 69 с.  |c ил. 
320 |a Библиография в конце статей 
606 |a Токи высокой частоты  |x Промышленное применение  |2 stltpush  |3 (RuTPU)RU\TPU\subj\60876 
610 1 |a металлы 
610 1 |a полупроводники 
610 1 |a индукционный нагрев 
610 1 |a тугоплавкие материалы 
610 1 |a получение 
610 1 |a технология 
610 1 |a оборудование 
610 1 |a индукционные системы 
610 1 |a кремний 
610 1 |a кристаллы 
610 1 |a выращивание 
610 1 |a термическая обработка 
610 1 |a механическая обработка 
610 1 |a надежность 
610 1 |a роторные обмотки 
610 1 |a пайка 
610 1 |a диэлектрические материалы 
610 1 |a ультразвуковые колебания 
675 |a 621.3.023  |v 3 
702 1 |a Шамов  |b А. Н.  |g Александр Николаевич  |4 340 
712 0 2 |a Всесоюзный научно-исследовательский, проектно-конструкторский и технологический институт электротермического оборудования (ВНИИЭТО)  |2 stltpush  |3 (RuTPU)RU\TPU\col\11356 
801 0 |a RU  |b RuMRKP  |c 19950704  |g psbo 
801 1 |a RU  |b 63413507  |c 20150226 
801 2 |a RU  |b 63413507  |c 20171107  |g RCR 
942 |c BK